000 00923nam a22003017a 4500
003 CHAP
005 20220329140558.0
008 971013s1968 r 00010 d
010 _a54235
011 _a55207
035 _a59359
040 _cCHAP
090 _aFolleto 1280
100 0 0 _aWilkening, Eugene A.
_9121957
245 _aComparison of migrants in two rural and an urban area of central Brazil
260 _aMadison :
_bLand Tenure Center,
_c1968
300 _a36 p.
490 _aResearch paper
_v; 35
590 _aBATCH-UPD
_b10
_c20130110
_lUCH01
_h1935
590 _aBATCH-UPD
_b10
_c20130410
_lUCH01
_h1259
590 _aBATCH-UPD
_b10
_c20130914
_lUCH01
_h1011
590 _aCONVERSION
_b10
_c20130109
_lUCH01
_h1329
650 1 4 _aColonización agrícola.
_925386
830 0 _aResearch paper
_v; 35
_996073
901 _aBK
942 _cFOLL
949 _aFolleto 1280
_bBC
_cFOLL
_d-128342
_eTS1
_i59359
_si
999 _c54235
_d54235